Most Famous Food From Each Country - Statistics

General Stats
  • This quiz has been taken 105 times
  • The average score is 5 of 13
Answer Stats
Country food % Correct
Japan Sushi
96%
Italy Pizza
89%
Mexico Taco
76%
Switzerland Chocolate
46%
Canada Poutine
38%
Belguim Waffles
35%
China Noodles
34%
USA Burgers
24%
Uk Fish N Chips
15%
Ireland Irish bread
4%
Spain Quesadilla
3%
Romania Cabbage Rolls
2%
France Brioche
1%
No matching quizzes found
Score Distribution
Percent of People with Each Score
Percentile by Number Answered
Your Score History
You have not taken this quiz